[Event "Bad Griesbach Seniors op 23rd"]
[Site "Bad Griesbach"]
[Date "2021.11.20"]
[Round "7"]
[White "Migl, Dieter"]
[Black "Kuespert, Erwin"]
[Result "1/2-1/2"]
[WhiteElo "2122"]
[BlackElo "1843"]
[PlyCount "49"]
[EventDate "2021.11.14"]
[EventType "swiss"]
[EventRounds "7"]
[EventCountry "GER"]
[SourceTitle "EXT 2024"]
[Source "ChessBase"]
[SourceDate "2023.10.10"]
[SourceVersion "1"]
[SourceVersionDate "2023.10.10"]
[SourceQuality "1"]

1. e4 d6 2. Nc3 g6 3. f4 Bg7 4. Nf3 Bg4 5. Bc4 e6 6. 0-0 Ne7 7. h3 Bxf3 8. Qxf3 Nbc6 9. d3 Na5 10. f5 Nxc4 11. dxc4 exf5 12. exf5 Bd4+ 13. Kh1 0-0 14. Bh6 Nxf5 15. Bxf8 Qxf8 16. Rae1 Be5 17. Ne4 Qg7 18. c3 Rf8 19. g4 Nh4 20. Qf2 Qh6 21. Nf6+ Bxf6 22. Qxf6 Nf5 23. Rf3 Qd2 24. Ref1 Ne3 25. R1f2 1/2-1/2

[Event "Bad Griesbach Seniors op 23rd"]
[Site "Bad Griesbach"]
[Date "2021.11.15"]
[Round "2"]
[White "Stummeyer, Dieter"]
[Black "Kuespert, Erwin"]
[Result "0-1"]
[WhiteElo "1788"]
[BlackElo "1843"]
[PlyCount "82"]
[EventDate "2021.11.14"]
[EventType "swiss"]
[EventRounds "7"]
[EventCountry "GER"]
[SourceTitle "EXT 2024"]
[Source "ChessBase"]
[SourceDate "2023.10.10"]
[SourceVersion "1"]
[SourceVersionDate "2023.10.10"]
[SourceQuality "1"]

1. e4 g6 2. d4 Bg7 3. Nc3 d6 4. Be3 Nc6 5. Be2 e5 6. d5 Nd4 7. Nf3 Nxe2 8. Qxe2 a6 9. h3 Ne7 10. Qd2 b5 11. Bh6 0-0 12. Bxg7 Kxg7 13. 0-0-0 Bd7 14. Nh2 f5 15. exf5 Nxf5 16. Ng4 h5 17. Ne3 Nd4 18. f3 b4 19. Ne2 Nxe2+ 20. Qxe2 Qg5 21. h4 Qg3 22. Kb1 a5 23. Nf1 Qf4 24. Nd2 a4 25. Ne4 b3 26. cxb3 axb3 27. a3 Bf5 28. Qc4 Rfc8 29. Ka1 Bxe4 30. fxe4 Qg3 31. Rdf1 Qxg2 32. Qxb3 Qxe4 33. Qb5 Rcb8 34. Qd7+ Kh6 35. Rh3 Qg2 36. Rb1 Rb7 37. Rc3 Qxd5 38. Rf1 Qd4 39. Rb1 Rxb2 40. Kxb2 Rb8+ 41. Ka2 Qd2+ 0-1

[Event "Niederbayern-ch Seniors"]
[Site "Ortenburg"]
[Date "2019.04.26"]
[Round "3"]
[White "Kuespert, Erwin"]
[Black "Beutel, Hubert"]
[Result "1-0"]
[WhiteElo "1813"]
[BlackElo "1795"]
[PlyCount "133"]
[EventDate "2019.04.25"]
[EventType "tourn"]
[EventRounds "6"]
[EventCountry "GER"]
[SourceTitle "EXT 2023"]
[Source "ChessBase"]
[SourceDate "2022.10.05"]
[SourceVersion "1"]
[SourceVersionDate "2022.10.05"]
[SourceQuality "1"]

1. d4 f5 2. Bg5 g6 3. Nc3 Bg7 4. h4 d6 5. h5 h6 6. Bf4 g5 7. Bh2 c5 8. d5 Qa5 9. Qd3 Bd7 10. Nf3 Na6 11. Qd2 Nc7 12. e3 b5 13. Be2 0-0-0 14. 0-0 Qb6 15. a4 b4 16. Nd1 Nf6 17. c4 a5 18. Ne1 Be8 19. Qc2 Bd7 20. Bd3 Nxh5 21. Bxf5 Bf6 22. Bxd7+ Rxd7 23. Nd3 Ng7 24. e4 e5 25. dxe6 Ncxe6 26. Ne3 Nd4 27. Nd5 Qd8 28. Qd1 h5 29. e5 Bxe5 30. Bxe5 dxe5 31. Nxe5 Rxd5 32. cxd5 Qxd5 33. Nf3 Nge6 34. Nxd4 Nxd4 35. Qd3 h4 36. Rfe1 h3 37. Qe4 Qxe4 38. Rxe4 Kc7 39. gxh3 Rxh3 40. Re5 Kd6 41. Re3 Rh7 42. Rd1 Kc6 43. Kg2 Rd7 44. Re5 Rd5 45. Re8 Kd7 46. Ra8 c4 47. Ra7+ Kc6 48. Rf7 c3 49. bxc3 bxc3 50. Rc1 c2 51. Rf6+ Kc5 52. f4 gxf4 53. Rxf4 Kb4 54. Rxc2 Kb3 55. Rd2 Rg5+ 56. Kf2 Nc2 57. Rd3+ Kb2 58. Rc4 Nb4 59. Re3 Rd5 60. Ke2 Rh5 61. Rcc3 Rh2+ 62. Kf1 Rd2 63. Rc5 Rh2 64. Rg3 Rh4 65. Rxa5 Rf4+ 66. Ke2 Rc4 67. Rb5 1-0

[Event "Niederbayern-ch Seniors"]
[Site "Ortenburg"]
[Date "2019.04.26"]
[Round "4"]
[White "Kuespert, Erwin"]
[Black "Koenigl, Anton"]
[Result "1-0"]
[WhiteElo "1813"]
[BlackElo "1879"]
[PlyCount "143"]
[EventDate "2019.04.25"]
[EventType "tourn"]
[EventRounds "6"]
[EventCountry "GER"]
[SourceTitle "EXT 2023"]
[Source "ChessBase"]
[SourceDate "2022.10.05"]
[SourceVersion "1"]
[SourceVersionDate "2022.10.05"]
[SourceQuality "1"]

1. d4 d5 2. Nc3 Nf6 3. Bf4 c6 4. e3 e6 5. Nf3 Bb4 6. Bd3 Nbd7 7. 0-0 0-0 8. a3 Be7 9. Ne5 Re8 10. Qf3 Nf8 11. g4 N6d7 12. Kh1 Nxe5 13. Bxe5 Bd6 14. Qg3 Bxe5 15. Qxe5 f5 16. Rg1 Ng6 17. Qg3 Rf8 18. gxf5 exf5 19. Ne2 Qf6 20. Nf4 Nxf4 21. Qxf4 Bd7 22. Rg5 h6 23. Rg2 Kh8 24. Qc7 Be8 25. Rag1 g5 26. b3 Bh5 27. Rg3 Rf7 28. Qe5 Qxe5 29. dxe5 f4 30. Rh3 fxe3 31. Rxh5 Kg7 32. fxe3 Re8 33. Rf1 Rxf1+ 34. Bxf1 Rxe5 35. Rh3 g4 36. Rg3 h5 37. h3 Rg5 38. Be2 Kf6 39. hxg4 hxg4 40. Rxg4 Re5 41. Rg3 d4 42. Kg2 dxe3 43. Kf3 Ra5 44. a4 b5 45. axb5 cxb5 46. Kxe3 Ra2 47. Bd3 a5 48. Rg4 a4 49. bxa4 bxa4 50. Kd2 a3 51. Ra4 Ra1 52. Bc4 Ke5 53. Kc3 Rg1 54. Rxa3 Kd6 55. Kb4 Rb1+ 56. Rb3 Rc1 57. c3 Rg1 58. Bb5 Kc7 59. c4 Rg4 60. Ka5 Rg5 61. Rc3 Rg1 62. c5 Ra1+ 63. Ba4 Rb1 64. c6 Re1 65. Rb3 Ra1 66. Rb7+ Kc8 67. Ra7 Kb8 68. Rb7+ Kc8 69. Kb6 Rb1+ 70. Bb5 Rc1 71. Rg7 Kd8 72. c7+ 1-0

[Event "Pfarrkirchen Rottal op 2nd"]
[Site "Pfarrkirchen"]
[Date "2018.04.01"]
[Round "5"]
[White "Huber, Herbert"]
[Black "Kuespert, Erwin"]
[Result "1-0"]
[WhiteElo "1779"]
[BlackElo "1827"]
[PlyCount "55"]
[EventDate "2018.03.30"]
[EventType "swiss"]
[EventRounds "7"]
[EventCountry "GER"]
[SourceTitle "CBM 183 Extra"]
[Source "ChessBase"]
[SourceDate "2018.04.19"]
[SourceVersion "1"]
[SourceVersionDate "2018.04.19"]
[SourceQuality "1"]

1. d4 d6 2. Nf3 g6 3. c4 Bg7 4. Nc3 Nd7 5. Bg5 c6 6. e3 Ngf6 7. Qc2 h6 8. Bh4 g5 9. Bg3 Nh5 10. Be2 a6 11. 0-0 0-0 12. Nxg5 hxg5 13. Bxh5 Nf6 14. Be2 Qa5 15. f3 Bd7 16. Rfd1 Rac8 17. Qd2 Nh5 18. Bf2 Bh6 19. b4 Qd8 20. h4 gxh4 21. Bxh4 Kh8 22. Kf2 Rg8 23. Rh1 Rg7 24. Rag1 Rh7 25. g4 Ng7 26. Bd3 f5 27. g5 e5 28. gxh6 1-0

[Event "Kaltern Trophy-B 2nd"]
[Site "Kaltern"]
[Date "2017.10.28"]
[Round "2"]
[White "Licandro, Michele"]
[Black "Kuespert, Erwin"]
[Result "0-1"]
[WhiteElo "1447"]
[BlackElo "1868"]
[PlyCount "76"]
[EventDate "2017.10.27"]
[EventType "swiss"]
[EventRounds "5"]
[EventCountry "ITA"]
[SourceTitle "CBM 181 Extra"]
[Source "ChessBase"]
[SourceDate "2017.12.12"]
[SourceVersion "1"]
[SourceVersionDate "2017.12.12"]
[SourceQuality "1"]

1. f4 c5 2. e3 g6 3. Nf3 Bg7 4. c3 d5 5. d4 cxd4 6. cxd4 a6 7. Be2 Nf6 8. 0-0 Nc6 9. Nc3 0-0 10. Bd2 b5 11. a3 Na5 12. b4 Nc4 13. Bxc4 dxc4 14. Be1 Ng4 15. Bf2 Nxf2 16. Rxf2 Bb7 17. Qe2 Qc7 18. Qc2 Rfd8 19. Rd1 Qb6 20. Ng5 a5 21. Nge4 axb4 22. axb4 Ra3 23. Nc5 Bc6 24. h3 Rda8 25. Kh2 Ra1 26. Rff1 Rxd1 27. Rxd1 e6 28. e4 Rd8 29. Ne2 Qc7 30. d5 exd5 31. exd5 Rxd5 32. Rxd5 Bxd5 33. g3 Qe7 34. Qd2 Bc6 35. Qc2 Qe3 36. h4 Qf2+ 37. Kh3 Qg2+ 38. Kg4 Bf3+ 0-1

[Event "Niederbayernliga 1415"]
[Site "Bayern"]
[Date "2015.04.12"]
[Round "9.4"]
[White "Hirtreiter, Alexander"]
[Black "Kuespert, Erwin"]
[Result "1/2-1/2"]
[WhiteElo "1872"]
[BlackElo "1776"]
[PlyCount "24"]
[EventDate "2014.10.19"]
[EventType "team-tourn"]
[EventRounds "9"]
[EventCountry "GER"]
[SourceTitle "EXT 2023"]
[Source "ChessBase"]
[SourceDate "2022.10.05"]
[SourceVersion "1"]
[SourceVersionDate "2022.10.05"]
[SourceQuality "1"]
[WhiteTeam "Landau Dingolfing"]
[BlackTeam "Schaibing"]
[WhiteTeamCountry "GER"]
[BlackTeamCountry "GER"]

1. e4 c5 2. Nc3 Nc6 3. Bc4 e6 4. a3 g6 5. d3 Bg7 6. f4 Nge7 7. Nf3 0-0 8. 0-0 d5 9. exd5 exd5 10. Ba2 a6 11. Ne2 Nf5 12. g4 Nfd4 1/2-1/2

[Event "Niederbayernliga 1415"]
[Site "Bayern"]
[Date "2014.11.09"]
[Round "2.4"]
[White "Kuespert, Erwin"]
[Black "Ebner, Johannes"]
[Result "1/2-1/2"]
[WhiteElo "1776"]
[BlackElo "1783"]
[PlyCount "100"]
[EventDate "2014.10.19"]
[EventType "team-tourn"]
[EventRounds "9"]
[EventCountry "GER"]
[SourceTitle "EXT 2023"]
[Source "ChessBase"]
[SourceDate "2022.10.05"]
[SourceVersion "1"]
[SourceVersionDate "2022.10.05"]
[SourceQuality "1"]
[WhiteTeam "Schaibing"]
[BlackTeam "Grafenau"]
[WhiteTeamCountry "GER"]
[BlackTeamCountry "GER"]

1. d4 e6 2. Nf3 d5 3. e3 Nd7 4. Bd3 Ngf6 5. Nbd2 Be7 6. 0-0 0-0 7. c4 c6 8. b3 Bb4 9. Qc2 h6 10. a3 Ba5 11. b4 Bc7 12. Bb2 b6 13. cxd5 cxd5 14. Qc6 Rb8 15. Rfc1 Ne8 16. Rc2 Bb7 17. Qa4 Ra8 18. Bb5 Ndf6 19. Rac1 Qb8 20. Bc6 Bd6 21. Ne5 Nc7 22. Bxb7 Qxb7 23. Rc6 Rfd8 24. Nb1 Rac8 25. Qc2 Nfe8 26. Rc3 Ra8 27. Qe2 Rdc8 28. Nc6 Kf8 29. Nd2 Nf6 30. f3 a6 31. a4 Nce8 32. g3 Rc7 33. e4 Be7 34. Nxe7 Kxe7 35. Rxc7+ Nxc7 36. e5 Nd7 37. Ba3 b5 38. a5 Rc8 39. Nb3 Ne8 40. Rxc8 Qxc8 41. Nc5 Nxc5 42. bxc5 Kd7 43. f4 g6 44. g4 Ng7 45. Qf3 Qd8 46. Bb4 Qh4 47. Bd2 h5 48. h3 hxg4 49. hxg4 Ne8 50. Kg2 Nc7 1/2-1/2

[Event "Niederbayern-ch"]
[Site "Untergriesbach"]
[Date "2013.04.07"]
[Round "7"]
[White "Kuespert, Erwin"]
[Black "Bichlmeier, Juergen"]
[Result "0-1"]
[WhiteElo "1778"]
[BlackElo "1922"]
[PlyCount "64"]
[EventDate "2013.04.04"]
[EventType "swiss"]
[EventRounds "7"]
[EventCountry "GER"]
[SourceTitle "EXT 2023"]
[Source "ChessBase"]
[SourceDate "2022.10.05"]
[SourceVersion "1"]
[SourceVersionDate "2022.10.05"]
[SourceQuality "1"]

1. d4 f5 2. e4 fxe4 3. Nc3 Nf6 4. Bg5 Nc6 5. Bb5 g6 6. Bxf6 exf6 7. Nxe4 f5 8. Ng3 Bg7 9. Qe2+ Qe7 10. Qxe7+ Nxe7 11. 0-0-0 a6 12. Bf1 b5 13. Nf3 Bb7 14. h4 h6 15. c3 d6 16. Re1 Kd7 17. Bd3 Rhf8 18. Rhg1 Bd5 19. b3 Rac8 20. Re2 c5 21. Rge1 Bf6 22. h5 cxd4 23. hxg6 Rxc3+ 24. Kd2 Bxf3 25. Rxe7+ Bxe7 26. Bxf5+ Rxf5 27. Rxe7+ Kxe7 28. Nxf5+ Kf6 29. g7 Bd5 30. Nxh6 Kxg7 31. Nf5+ Kf6 32. Nxd4 Rc8 0-1

[Event "Niederbayernliga 1213"]
[Site "Bayern"]
[Date "2012.11.11"]
[Round "2.5"]
[White "Ebner, Johannes"]
[Black "Kuespert, Erwin"]
[Result "1/2-1/2"]
[WhiteElo "1783"]
[BlackElo "1760"]
[PlyCount "86"]
[EventDate "2012.10.14"]
[EventType "team-tourn"]
[EventRounds "9"]
[EventCountry "GER"]
[SourceTitle "EXT 2023"]
[Source "ChessBase"]
[SourceDate "2022.10.05"]
[SourceVersion "1"]
[SourceVersionDate "2022.10.05"]
[SourceQuality "1"]
[WhiteTeam "Grafenau"]
[BlackTeam "Schaibing"]
[WhiteTeamCountry "GER"]
[BlackTeamCountry "GER"]

1. e4 g6 2. Nf3 Bg7 3. d4 d6 4. Nc3 Nf6 5. Be2 0-0 6. 0-0 Bg4 7. h3 Bxf3 8. Bxf3 Nc6 9. Re1 Nd7 10. Ne2 e5 11. d5 Ne7 12. g3 f5 13. Bg5 h6 14. Bxe7 Qxe7 15. Nc3 Rf6 16. Rf1 a6 17. Qe2 Raf8 18. Rae1 Nc5 19. Qd2 fxe4 20. Bxe4 Nxe4 21. Nxe4 Rf3 22. Re3 Kh7 23. Qe2 Qf7 24. Rxf3 Qxf3 25. Qxf3 Rxf3 26. Kg2 Rf5 27. Rd1 Kg8 28. b4 Kf8 29. a4 Ke7 30. c4 Rf8 31. Rc1 Rb8 32. c5 Kd7 33. Kf3 dxc5 34. bxc5 b5 35. c6+ Ke7 36. Rb1 b4 37. Nc5 a5 38. Ke4 Bf8 39. Kxe5 Bg7+ 40. Ke4 Bc3 41. Ne6 Kd6 42. f4 b3 43. Kd3 Bf6 1/2-1/2

[Event "Niederbayernliga 1112"]
[Site "Bayern"]
[Date "2012.??.??"]
[Round "6"]
[White "Bernauer, Thomas"]
[Black "Kuespert, Erwin"]
[Result "1-0"]
[WhiteElo "1876"]
[BlackElo "1785"]
[PlyCount "120"]
[EventDate "2011.10.??"]
[EventType "team-tourn"]
[EventRounds "9"]
[EventCountry "GER"]
[SourceTitle "EXT 2023"]
[Source "ChessBase"]
[SourceDate "2022.10.05"]
[SourceVersion "1"]
[SourceVersionDate "2022.10.05"]
[SourceQuality "1"]
[WhiteTeam "Grafenau"]
[BlackTeam "Schaibing"]
[WhiteTeamCountry "GER"]
[BlackTeamCountry "GER"]

1. e4 c5 2. Nf3 Nc6 3. d4 cxd4 4. Nxd4 g6 5. Nc3 Bg7 6. Be3 Nf6 7. Bc4 0-0 8. Bb3 d6 9. f3 Na5 10. Qd2 Bd7 11. h4 h5 12. Bh6 Qb6 13. 0-0-0 Rac8 14. Bxg7 Kxg7 15. g4 Nxb3+ 16. Nxb3 a5 17. e5 Nh7 18. gxh5 a4 19. h6+ Kg8 20. exd6 e5 21. Qe1 Rfe8 22. Nd2 a3 23. Nb3 axb2+ 24. Kxb2 Ra8 25. Rd5 Qb4 26. Nb5 Qa4 27. Nc3 Qa3+ 28. Kb1 Nf6 29. Rxe5 Qxd6 30. Rxe8+ Rxe8 31. Qd2 Qe5 32. Qd4 Qf5 33. Nd2 Bc6 34. Nce4 Bxe4 35. Nxe4 Re6 36. Ng5 Qe5 37. Nxe6 Qxe6 38. Qd8+ Kh7 39. Qd4 Kxh6 40. h5 g5 41. Qd3 Nd5 42. Rd1 Qb6+ 43. Kc1 Nf4 44. Qd6+ Qxd6 45. Rxd6+ Kxh5 46. Rd7 f5 47. Rh7+ Kg6 48. Rxb7 Ne2+ 49. Kd2 Nd4 50. a4 Nxf3+ 51. Ke3 Ne5 52. Rb4 f4+ 53. Ke4 Nd7 54. a5 Kh5 55. Rb5 Kg4 56. a6 Nf6+ 57. Ke5 Ne8 58. a7 Nc7 59. Ra5 Na8 60. Kf6 f3 1-0

[Event "Niederbayernliga 1112"]
[Site "Bayern"]
[Date "2012.??.??"]
[Round "8"]
[White "Kuespert, Erwin"]
[Black "Fischer, Michael2222"]
[Result "1/2-1/2"]
[WhiteElo "1785"]
[BlackElo "2007"]
[PlyCount "78"]
[EventDate "2011.10.??"]
[EventType "team-tourn"]
[EventRounds "9"]
[EventCountry "GER"]
[SourceTitle "EXT 2023"]
[Source "ChessBase"]
[SourceDate "2022.10.05"]
[SourceVersion "1"]
[SourceVersionDate "2022.10.05"]
[SourceQuality "1"]
[WhiteTeam "Schaibing"]
[BlackTeam "Straubing SC"]
[WhiteTeamCountry "GER"]
[BlackTeamCountry "GER"]

1. d4 Nf6 2. Nf3 c5 3. e3 e6 4. Bd3 b6 5. 0-0 Bb7 6. b3 Be7 7. Bb2 0-0 8. c4 d6 9. Nbd2 Nbd7 10. Qc2 Qc7 11. Ne1 Rfe8 12. Ne4 Nxe4 13. Bxe4 Nf6 14. Bxb7 Qxb7 15. dxc5 bxc5 16. Rd1 Qc6 17. f4 Qe4 18. Qxe4 Nxe4 19. Nf3 a5 20. Nd2 Nxd2 21. Rxd2 a4 22. e4 Reb8 23. Rd3 axb3 24. Rxb3 Rb4 25. Rxb4 cxb4 26. Ra1 Bf6 27. e5 dxe5 28. fxe5 Bg5 29. Kf1 Rc8 30. a4 bxa3 31. Rxa3 h5 32. Ra4 Kh7 33. Bc3 Kg6 34. Ke2 Kf5 35. Kd3 Rd8+ 36. Kc2 Bf4 37. Ra7 Bxe5 38. Bxe5 Kxe5 39. Rxf7 Kd4 1/2-1/2

[Event "Niederbayernliga 1213"]
[Site "Bayern"]
[Date "2012.??.??"]
[Round "4"]
[White "Kuespert, Erwin"]
[Black "Genau, Albert"]
[Result "1-0"]
[WhiteElo "1760"]
[BlackElo "1422"]
[PlyCount "61"]
[EventDate "2012.10.14"]
[EventType "team-tourn"]
[EventRounds "9"]
[EventCountry "GER"]
[SourceTitle "EXT 2023"]
[Source "ChessBase"]
[SourceDate "2022.10.05"]
[SourceVersion "1"]
[SourceVersionDate "2022.10.05"]
[SourceQuality "1"]
[WhiteTeam "Schaibing"]
[BlackTeam "Straubing SC"]
[WhiteTeamCountry "GER"]
[BlackTeamCountry "GER"]

1. d4 d5 2. Nf3 Nf6 3. e3 Bg4 4. c4 e6 5. Qb3 Qc8 6. Nc3 c6 7. Bd2 Nbd7 8. cxd5 exd5 9. Rc1 Bxf3 10. gxf3 Nb6 11. e4 Qd7 12. e5 Nh5 13. Qc2 g6 14. h4 Ng7 15. Bh3 Ne6 16. Ne2 Qd8 17. Bxe6 fxe6 18. Nf4 Qd7 19. h5 Bh6 20. hxg6 Bxf4 21. Bxf4 0-0-0 22. Bg5 hxg6 23. Rxh8 Rxh8 24. Qxg6 Rh1+ 25. Ke2 Rxc1 26. Bxc1 a5 27. f4 a4 28. f5 exf5 29. e6 Qe7 30. Bg5 Qb4 31. Qe8+ 1-0

[Event "Latschach op 27th"]
[Site "Latschach"]
[Date "2011.08.13"]
[Round "1"]
[White "Okhotnik, Vladimir"]
[Black "Kuespert, Erwin"]
[Result "1-0"]
[WhiteElo "2455"]
[BlackElo "1885"]
[PlyCount "93"]
[EventDate "2011.08.13"]
[EventType "swiss"]
[EventRounds "9"]
[EventCountry "AUT"]
[SourceTitle "CBM 143 Extra"]
[Source "ChessBase"]
[SourceDate "2011.08.29"]
[SourceVersion "1"]
[SourceVersionDate "2011.08.29"]
[SourceQuality "1"]

1. e4 g6 2. d4 Bg7 3. Nf3 d6 4. Nc3 Nf6 5. Be2 0-0 6. 0-0 Bg4 7. h3 Bxf3 8. Bxf3 Nc6 9. Nb5 a6 10. Na3 e5 11. c3 Nd7 12. Nc2 f5 13. exf5 gxf5 14. dxe5 Ndxe5 15. Bd5+ Kh8 16. f4 Nd7 17. Qf3 Nf6 18. Bxc6 bxc6 19. Qxc6 Ne4 20. Be3 Rb8 21. Rab1 Rg8 22. Nd4 Qc8 23. Qd5 Rf8 24. g4 Nf6 25. Qxf5 Qxf5 26. Nxf5 Nd5 27. Bd2 Rfe8 28. Rfe1 Kg8 29. Rxe8+ Rxe8 30. Kf2 Nf6 31. Be3 Bf8 32. c4 c6 33. Kf3 Rb8 34. Bd4 Kf7 35. b3 d5 36. Bxf6 Kxf6 37. cxd5 cxd5 38. Rc1 Rb6 39. Rc7 h6 40. h4 a5 41. Nd4 Rb4 42. g5+ Kg6 43. Ne6 Rb8 44. Kg4 h5+ 45. Kf3 Re8 46. Nd4 Re4 47. f5# 1-0

[Event "Latschach op 26th"]
[Site "Latschach"]
[Date "2010.08.14"]
[Round "1"]
[White "Poetsch, Hagen"]
[Black "Kuespert, Erwin"]
[Result "1-0"]
[WhiteElo "2402"]
[BlackElo "1891"]
[PlyCount "65"]
[EventDate "2010.08.14"]
[EventType "swiss"]
[EventRounds "9"]
[EventCountry "AUT"]
[SourceTitle "CBM 138 Extra"]
[Source "ChessBase"]
[SourceDate "2010.10.29"]
[SourceVersion "1"]
[SourceVersionDate "2010.10.29"]
[SourceQuality "1"]

1. e4 g6 2. d4 Bg7 3. Nc3 d6 4. f4 Nf6 5. Nf3 0-0 6. Bd3 Nc6 7. a3 Bg4 8. Be3 e5 9. fxe5 dxe5 10. d5 Nd4 11. Be2 Nxe2 12. Qxe2 Nh5 13. 0-0 Nf4 14. Qc4 a6 15. Nxe5 Bxe5 16. Bxf4 Qd6 17. Bxe5 Qxe5 18. Rae1 Rae8 19. a4 Re7 20. a5 Rfe8 21. Qb4 Qg5 22. Qxb7 Qd2 23. Qxa6 Qd4+ 24. Kh1 Qd2 25. Qd3 Qh6 26. d6 cxd6 27. Nd5 Be6 28. Nxe7+ Rxe7 29. Qxd6 Rd7 30. Qb8+ Kg7 31. a6 Rd2 32. a7 Rxg2 33. Qe5+ 1-0

[Event "Niederbayernliga 0708"]
[Site "Germany"]
[Date "2007.11.25"]
[Round "3.5"]
[White "Kuespert, Erwin"]
[Black "Schubert, Josef"]
[Result "1/2-1/2"]
[WhiteElo "1692"]
[BlackElo "1966"]
[PlyCount "27"]
[EventDate "2007.10.21"]
[EventType "team"]
[EventRounds "9"]
[EventCountry "GER"]
[SourceTitle "EXT 2009"]
[Source "ChessBase"]
[SourceDate "2008.11.26"]
[SourceVersion "1"]
[SourceVersionDate "2008.11.26"]
[SourceQuality "1"]
[WhiteTeam "Schaibing"]
[BlackTeam "Landshut"]
[WhiteTeamCountry "GER"]
[BlackTeamCountry "GER"]

1. d4 Nf6 2. e3 e6 3. Bd3 c5 4. c3 Nc6 5. f4 b6 6. Nf3 Be7 7. 0-0 Bb7 8. Qa4 Qc7 9. Bd2 0-0 10. e4 d5 11. e5 Ne4 12. Be3 Qd7 13. Qd1 Rfd8 14. Nbd2 1/2-1/2

[Event "Nuremberg Zabo op 04th"]
[Site "Nuremberg"]
[Date "2002.09.28"]
[Round "2"]
[White "Kuespert, Erwin"]
[Black "Zaudtke, Friedrich Wilhelm"]
[Result "1-0"]
[WhiteElo "1713"]
[BlackElo "1458"]
[PlyCount "119"]
[EventDate "2002.09.27"]
[EventType "swiss"]
[EventRounds "5"]
[EventCountry "GER"]
[SourceTitle "EXT 2003"]
[Source "ChessBase"]
[SourceDate "2002.11.25"]
[SourceVersion "1"]
[SourceVersionDate "2002.11.25"]
[SourceQuality "1"]

1. d4 d5 2. Nf3 Nf6 3. c4 e6 4. Nc3 Be7 5. Bg5 0-0 6. e3 b6 7. Bd3 Bb7 8. cxd5 Nxd5 9. Bxe7 Qxe7 10. Nxd5 Bxd5 11. 0-0 Nd7 12. Nd2 c5 13. dxc5 Nxc5 14. Bc2 f5 15. Qe2 Rac8 16. e4 Nxe4 17. Nxe4 fxe4 18. Bxe4 Bxe4 19. Qxe4 Rc5 20. Rae1 Re8 21. Re3 Rec8 22. Rfe1 Re8 23. f4 Qf6 24. b3 Rf5 25. Qc6 Rf8 26. g3 g5 27. Qxe6+ Qxe6 28. Rxe6 gxf4 29. g4 R5f7 30. Kf2 Kg7 31. Kf3 Rc8 32. h4 Rc3+ 33. Kf2 f3 34. h5 Rc2+ 35. Kf1 f2 36. h6+ Kg8 37. Re8+ Rf8 38. Rxf8+ Kxf8 39. Re2 Rxe2 40. Kxe2 f1Q+ 41. Kxf1 Kf7 42. Kf2 Kg6 43. Kf3 Kf6 44. Kf4 Kg6 45. g5 a6 46. b4 a5 47. b5 a4 48. a3 Kf7 49. Kf5 Kg8 50. Ke6 Kf8 51. Kd7 Kf7 52. Kc6 Kg6 53. Kxb6 Kxg5 54. Kc5 Kxh6 55. b6 Kg5 56. b7 h5 57. b8Q h4 58. Qh2 Kg4 59. Qg2+ Kh5 60. Qh3 1-0

[Event "Nuremberg Zabo op 04th"]
[Site "Nuremberg"]
[Date "2002.09.27"]
[Round "1"]
[White "Singer, Christoph"]
[Black "Kuespert, Erwin"]
[Result "1-0"]
[WhiteElo "2347"]
[BlackElo "1713"]
[PlyCount "53"]
[EventDate "2002.09.27"]
[EventType "swiss"]
[EventRounds "5"]
[EventCountry "GER"]
[SourceTitle "EXT 2003"]
[Source "ChessBase"]
[SourceDate "2002.11.25"]
[SourceVersion "1"]
[SourceVersionDate "2002.11.25"]
[SourceQuality "1"]

1. e4 g6 2. d4 Bg7 3. Nc3 d6 4. Nf3 Nf6 5. Be2 0-0 6. 0-0 e5 7. dxe5 dxe5 8. Bg5 Qxd1 9. Rfxd1 h6 10. Bxf6 Bxf6 11. Nd5 Bd8 12. Nxe5 Re8 13. Nc3 c6 14. Bc4 Be6 15. Bxe6 fxe6 16. Nxg6 Kg7 17. Nf4 e5 18. Rxd8 Rxd8 19. Ne6+ Kf6 20. Nxd8 Na6 21. Nxb7 Rb8 22. Na5 Rxb2 23. Nxc6 Rxc2 24. Nd5+ Ke6 25. Ncb4 Nxb4 26. Nxb4 Rc4 27. Nd3 1-0